La gestión social de un bien común: los Comités de Agua Potable en Nicaragua /

Bewaard in:
Bibliografische gegevens
Hoofdauteur: Kreimann, Rosibel
Formaat: Texto
Tags: Voeg label toe
Geen labels, Wees de eerste die dit record labelt!

MARC

LEADER 00000 a a2200000 04500
001 42705
003
040
100 |a Kreimann, Rosibel  
245 |a La gestión social de un bien común:   |b los Comités de Agua Potable en Nicaragua /  |c Rosibel Kreimann  
773 |g volumen43, número88 ( , 2011), páginas 8-26  
999 |c 37973  |d 37973